[Event "Tourn. n9356"]
[Site "www.chess-mail.com"]
[Date "2017.06.10"]
[Round "1"]
[White "Quaff"]
[Black "Madz123456"]
[WhiteElo "1539"]
[BlackElo "1470"]
[Result "0-1"]
[Round "1"]
1.e4 c5
2.f4 g6
3.Ng1f3 Bf8g7
4.c3 Ng8f6
5.d3 O-O
6.Bf1e2 d6
7.h3 Nf6h5
8.g4 Nh5g3
9.Rh1g1 Ng3xe2
10.Qd1xe2 Nb8c6
11.Bc1e3 b6
12.Nb1d2 d5
13.e5 d4
14.cxd4 cxd4
15.Be3f2 f6
16.Nd2e4 fxe5
17.Nf3xe5 Bg7xe5
18.fxe5 Qd8d5
19.Bf2g3 Qd5a5
20.Qe2d2 Nc6b4
21.Ke2 Bc8a6
22.a3 Ba6xd3
23.Ke1 Nb4c2
24.Kd1 Nc2e3
25.Ke1 Ne3g2
26.Kd1 Qa5a4
{ resign }
0-1

[Event "Tourn. n9409"]
[Site "www.chess-mail.com"]
[Date "2017.06.10"]
[Round "1"]
[White "Astroboy"]
[Black "Picifarkinca"]
[WhiteElo "2030"]
[BlackElo "2040"]
[Result "1-0"]
[Round "1"]
1.d4 e6
2.Ng1f3 f5
3.c4 Ng8f6
4.g3 d5
5.Bf1g2 c6
6.b3 Bf8b4
7.Bc1d2 Bb4xd2
8.Nb1xd2 Nb8d7
9.O-O O-O
10.Qd1c2 b6
11.a4 Nf6e4
12.cxd5 cxd5
13.Qc2c6 { resign }
1-0

[Event "Tourn. n9388"]
[Site "www.chess-mail.com"]
[Date "2017.06.10"]
[Round "1"]
[White "Aperturaf"]
[Black "Cristiano"]
[WhiteElo "2660"]
[BlackElo "2240"]
[Result "1-0"]
[Round "1"]
1.e4 e5
2.Ng1f3 Nb8c6
3.d4 exd4
4.Nf3xd4 d6
5.Bf1b5 Bc8d7
6.O-O Ng8f6
7.Nb1c3 Bf8e7
8.Bb5xc6 bxc6
9.b3 O-O
10.Bc1b2 a6
11.Rf1e1 c5
12.Nd4f5 Bd7xf5
13.exf5 Rf8e8
14.Nc3d5 Kf8
15.Re1xe7 Nf6xd5
16.Re7xe8 Qd8xe8
17.Qd1xd5 { resign }
1-0

[Event "Tourn. n9370"]
[Site "www.chess-mail.com"]
[Date "2017.06.10"]
[Round "1"]
[White "Pachi"]
[Black "Madz123456"]
[WhiteElo "1550"]
[BlackElo "1500"]
[Result "0-1"]
[Round "1"]
1.e4 c5
2.c3 d5
3.f3 e6
4.exd5 exd5
5.d4 Bf8d6
6.Ng1h3 Bc8xh3
7.gxh3 Qd8h4
8.Ke2 Nb8c6
9.Rh1g1 O-O-O
10.Rg1xg7 Rd8e8
11.Kd3 Re8e1
12.Qd1a4 c4
13.Kc2 Qh4f2
14.Bc1d2 Re1xf1
15.Rg7xf7 Qf2e2
16.b4 Qe2d1
17.Kb2 Qd1xa4
18.f4 a5
19.bxa5 Rf1f2
20.f5 Rf2xd2
21.Kc1 Qa4d1
{ resign }
0-1

[Event "Tourn. n9358"]
[Site "www.chess-mail.com"]
[Date "2017.06.10"]
[Round "1"]
[White "Odrum1"]
[Black "A27l"]
[WhiteElo "1310"]
[BlackElo "1360"]
[Result "0-1"]
[Round "1"]
1.e4 e5
2.Ng1f3 d6
3.d4 exd4
4.Nf3xd4 Nb8c6
5.Bc1e3 Nc6xd4
6.Qd1xd4 Qd8f6
7.Qd4b4 b6
8.Nb1c3 Qf6d8
9.Nc3d5 Bf8e7
 { time }
0-1

[Event "Tourn. n9389"]
[Site "www.chess-mail.com"]
[Date "2017.06.10"]
[Round "1"]
[White "Claymil"]
[Black "Attatroll"]
[WhiteElo "2080"]
[BlackElo "2030"]
[Result "1-0"]
[Round "1"]
1.c4 f5
2.Nb1c3 Ng8f6
3.g3 e6
4.Bf1g2 c6
5.e3 d5
6.cxd5 exd5
7.Ng1e2 Bf8d6
8.O-O O-O
9.a3 Nb8d7
10.b4 Nd7e5
11.d3 Bc8e6
12.Bc1b2 Ne5g6
13.Ra1c1 Qd8c7
14.Nc3b5 Qc7d7
15.Nb5xd6 Qd7xd6
16.Ne2d4 Be6d7
17.Qd1c2 Nf6g4
18.Qc2c3 Ng6e5
19.h3 Ng4f6
20.Rf1d1 Ra8e8
21.Qc3b3 Ne5g6
22.Rd1e1 Nf6h5
23.e4 Nh5xg3
24.fxg3 Qd6xg3
25.Nd4e2 Qg3e3
26.Kh2 fxe4
27.Qb3c3 Rf8f7
28.Ne2g3 Qe3f2
29.Re1f1 Qf2b6
30.Rf1xf7 Kxf7
31.Qc3xg7 Ke6
32.Qg7f6 
1-0

[Event "Tourn. n9308"]
[Site "www.chess-mail.com"]
[Date "2017.06.10"]
[Round "1"]
[White "Abuelo"]
[Black "Estonia"]
[WhiteElo "2150"]
[BlackElo "2080"]
[Result "1/2-1/2"]
[Round "1"]
1.e4 e5
2.Ng1f3 Nb8c6
3.Bf1b5 a6
4.Bb5xc6 dxc6
5.d3 Bc8g4
6.h3 Bg4xf3
7.Qd1xf3 Qd8f6
8.Nb1d2 O-O-O
9.O-O Kb8
10.a3 c5
11.Qf3xf6 Ng8xf6
12.Nd2c4 Nf6d7
13.Bc1e3 Bf8d6
14.c3 b5
15.Nc4a5 Rd8f8
16.Ra1d1 f5
17.exf5 Rf8xf5
18.f3 h5
19.Na5b3 Nd7b6
20.Be3xc5 Nb6d7
21.Bc5xd6 cxd6
22.d4 exd4
23.Nb3xd4 Rf5f6
24.Rf1e1 Nd7e5
25.b3 g5
26.Re1f1 Rh8c8
27.Nd4e2 Rc8f8
28.Ne2g3 h4
29.Ng3e4 Rf6g6
30.Rd1xd6 Rg6xd6
31.Ne4xd6 Ne5d3
32.Nd6e4 Kc7
33.Ne4xg5 Rf8f6
34.Ng5e4 Rf6g6
35.Rf1d1 Nd3f4
36.Rd1d2 Nf4xh3
37.Kh2 Nh3f4
38.Ne4f2 Rg6xg2
39.Kh1 Rg2g3
40.Nf2d3 Rg3xf3
41.Nd3xf4 Rf3xf4
42.Kg2 Kc6
43.b4 Rf4g4
44.Kh3 Rg4g3
45.Kxh4 Rg3xc3
46.Rd2a2 Kd5
47.a4 Rc3c4
48.Kg3 Rc4xb4
49.axb5 axb5
50.Kf3 Kc4
51.Ke3 Kc3
52.Ra2a3 Kb2
53.Ra3a5 Rb4b3
54.Kd4 b4
55.Kc4 Rb3h3
56.Kxb4 Rh3h4
{ draw }
1/2-1/2

[Event "Match"]
[Site "www.echecsemail.com"]
[Date "2017.06.10"]
[Round "1"]
[White "Paco"]
[Black "Ztornad"]
[WhiteElo "1930"]
[BlackElo "1650"]
[Result "1-0"]
[Round "1"]
1.e4 e5
2.Ng1f3 d6
3.Bf1c4 Ng8f6
4.Nf3g5 d5
5.exd5 Nf6xd5
6.d3 c6
7.Qd1f3 Qd8e7
8.O-O Nb8d7
9.d4 f6
10.Ng5e4 exd4
11.Bc1d2 b5
12.Rf1e1 Nd7e5
13.Bc4xd5 Bc8b7
14.Ne4xf6 Kd8
15.Bd2a5 Kc8
16.Qf3f5 Kb8
17.Re1xe5 Bb7c8
18.Re5xe7 Bc8xf5
19.Re7e8 Kb7
20.Re8xa8 Kxa8
21.Bd5xc6 Kb8
22.Nf6d5 Bf8d6
23.Bc6xb5 Kb7
24.Nb1a3 Rh8e8
25.Bb5xe8 Bd6xa3
26.bxa3 Bf5e4
27.Nd5e7 Ka6
{ time. }
1-0

[Event "Match"]
[Site "www.echecsemail.com"]
[Date "2017.06.10"]
[Round "1"]
[White "Sonny1000"]
[Black "Luke1302"]
[WhiteElo "1320"]
[BlackElo "1380"]
[Result "1-0"]
[Round "1"]
1.d4 d5
2.c3 Qd8d7
3.Bc1g5 b6
4.h3 Bc8b7
5.Qd1b3 b5
6.Bg5xe7 Bf8xe7
7.Ng1f3 Nb8a6
8.c4 Be7b4
9.Kd1 dxc4
10.Qb3e3 Ng8e7
11.Qe3e5 f6
12.Qe5h5 Ne7g6
13.a3 Bb4c5
14.Nb1d2 b4
15.a4 Bb7c6
16.dxc5 Na6xc5
17.Qh5xc5 Bc6xa4
18.Ra1xa4 Qd7xa4
19.Ke1 Qa4a1
20.Nd2b1 O-O-O
21.Qc5f5 Kb8
22.Qf5c2 Ng6f4
23.Nf3d2 Rh8e8
24.f3 Nf4d3
25.Kd1 Nd3xb2
26.Kc1 c3
27.Nd2b3 Nb2c4
28.Nb3xa1 Nc4e3
29.Qc2b3 Rd8d6
30.Qb3xb4 Kc8
31.Qb4xc3 Ne3d5
32.Qc3d3 Rd6c6
33.Na1c2 Nd5f4
34.Qd3f5 Nf4e6
35.Nb1a3 g6
36.Qf5xf6 Ne6d4
37.Qf6xd4 Re8d8
38.Qd4g7 Rc6b6
39.Na3c4 Kb7
40.Nc4xb6 axb6
41.Qg7xh7 Rd8a8
42.Qh7xg6 Ra8a4
43.h4 b5
44.Kb1 b4
45.Nc2xb4 Ra4xb4
46.Ka2 c6
47.Qg6f7 Kb6
48.e4 Kc5
49.e5 Rb4a4
50.Kb3 Ra4a1
51.Qf7c4 Kb6
52.Qc4d4 c5
53.Qd4xa1 Kc6
54.Kc4 Kb6
55.Qa1b1 Kc6
56.Qb1b5 Kc7
57.Qb5xc5 Kd7
58.h5 Ke8
59.h6 Kf7
60.h7 Kg7
61.h8Q Kf7
62.Qh8f6 Ke8
63.Qc5e7 
1-0

[Event "Match"]
[Site "www.echecsemail.com"]
[Date "2017.06.10"]
[Round "1"]
[White "Kazooie"]
[Black "Cal"]
[WhiteElo "1970"]
[BlackElo "1710"]
[Result "1-0"]
[Round "1"]
1.Ng1f3 d5
2.e3 a6
3.Bf1d3 h6
4.Nb1c3 Ng8f6
5.b3 Nb8c6
6.Bc1a3 b5
7.Ba3b2 Bc8g4
8.O-O Bg4xf3
9.Qd1xf3 e5
10.Qf3d1 Bf8c5
11.a4 b4
12.Nc3a2 a5
13.Bd3b5 Qd8d7
14.d4 exd4
15.exd4 Bc5b6
16.Rf1e1 Nf6e4
17.f3 O-O
18.fxe4 dxe4
19.Re1xe4 Ra8d8
20.c3 bxc3
21.Bb2xc3 Qd7f5
22.Bb5xc6 Rd8d6
23.Re4e1 Qf5f4
24.Bc6b5 c6
25.Bb5c4 c5
26.d5 Kh8
27.Bc3e5 Qf4g5
28.Be5xd6 Rf8g8
29.Bd6e7 Qg5f5
30.d6 Qf5d7
31.Bc4xf7 Rg8b8
32.Ra1b1 Qd7f5
33.Qd1f3 c4
34.Kh1 Qf5c5
35.Bf7xc4 Qc5d4
36.Rb1d1 Qd4c5
37.d7 Qc5a3
38.Be7xa3 { resign }
1-0

[Event "Match"]
[Site "www.echecsemail.com"]
[Date "2017.06.10"]
[Round "1"]
[White "Coraza8091"]
[Black "Pinehill"]
[WhiteElo "1450"]
[BlackElo "2010"]
[Result "1-0"]
[Round "1"]
1.e4 d5
2.e5 c5
3.Ng1f3 Bc8f5
4.Bf1b5 Nb8c6
5.d4 e6
6.Bc1e3 Qd8a5
7.Nb1c3 c4
8.Bb5xc6 bxc6
9.Be3d2 Bf8b4
10.a3 Bb4xc3
11.Bd2xc3 Qa5c7
12.Qd1d2 Ng8e7
13.Bc3b4 O-O
14.Bb4a5 Qc7b7
15.Ba5b4 Rf8c8
16.Bb4xe7 Qb7xe7
17.h4 a5
18.h5 Rc8b8
19.Qd2g5 Bf5xc2
20.Qg5xe7 Rb8xb2
21.Nf3g5 { resign }
1-0

[Event "Match"]
[Site "www.echecsemail.com"]
[Date "2017.06.10"]
[Round "1"]
[White "Gambitmiau"]
[Black "Motorhead99"]
[WhiteElo "2010"]
[BlackElo "1720"]
[Result "0-1"]
[Round "1"]
1.e4 d6
2.d4 Ng8f6
3.Nb1c3 Nb8d7
4.Ng1f3 e5
5.d5 Bf8e7
6.Bf1b5 a6
7.Bb5c4 h6
8.b4 c6
9.O-O Qd8c7
10.a4 Ra8b8
11.Bc1e3 b5
12.Bc4b3 c5
13.axb5 axb5
14.bxc5 Nd7xc5
15.Be3xc5 Qc7xc5
16.Qd1d3 Bc8d7
17.Ra1a5 Be7d8
18.Rf1b1 Bd8xa5
19.Bb3c4 bxc4
20.Qd3d1 Rb8xb1
21.Qd1xb1 Ba5xc3
22.Qb1b8 Bd7c8
23.h3 O-O
24.Qb8b1 Nf6xe4
25.Qb1d1 Qc5xf2
26.Kh1 Ne4g3
27.Kh2 e4
28.Nf3h4 e3
{ resign }
0-1

[Event "Eq:Last King-Slap Shot Mates : "]
[Site "www.chess-mail.com"]
[Date "2017.06.10"]
[Round "1"]
[White "Fabos12"]
[Black "Geodad5"]
[WhiteElo "1950"]
[BlackElo "2140"]
[Result "0-1"]
[Round "1"]
1.d4 d5
2.Bc1f4 Ng8f6
3.h3 e6
4.Ng1f3 Bf8e7
5.e3 O-O
6.Bf1d3 c5
7.c3 Nb8c6
8.Nb1d2 a6
9.Nf3e5 Bc8d7
10.Nd2f3 Ra8c8
11.Ne5xd7 Nf6xd7
12.Qd1e2 { time. }
0-1

[Event "Fast Game"]
[Site "www.echecsemail.com"]
[Date "2017.06.10"]
[Round "1"]
[White "Cjood"]
[Black "Ranjachess"]
[WhiteElo "1780"]
[BlackElo "1810"]
[Result "0-1"]
[Round "1"]
1.e4 e5
2.Ng1f3 Nb8c6
3.Bf1b5 Ng8e7
4.d4 Nc6xd4
5.Nf3xd4 exd4
6.Qd1xd4 c6
7.Bb5d3 d5
8.Bc1h6 Rh8g8
9.Bh6g5 Bc8e6
10.e5 h6
11.Bg5h4 g5
12.Bh4g3 Be6f5
13.Bd3xf5 Ne7xf5
14.Qd4g4 Qd8d7
15.O-O O-O-O
16.Nb1c3 Bf8c5
17.a3 Rg8e8
18.Rf1e1 Qd7e6
19.b4 Bc5d4
20.Qg4f3 Nf5xg3
21.hxg3 Bd4xe5
22.Re1e3 d4
23.Re3e4 dxc3
24.Ra1e1 f6
25.g4 Qe6a2
{ resign }
0-1

[Event "Tourn. n9417"]
[Site "www.chess-mail.com"]
[Date "2017.06.11"]
[Round "1"]
[White "Nulladies"]
[Black "Astroboy"]
[WhiteElo "1910"]
[BlackElo "2040"]
[Result "1/2-1/2"]
[Round "1"]
1.d4 Ng8f6
2.Bc1f4 g6
3.e3 Bf8g7
4.Ng1f3 c5
5.c3 b6
6.Bf1e2 Bc8b7
7.O-O d6
8.Nb1d2 Nb8d7
{ draw }
1/2-1/2

[Event "Tourn. n9371"]
[Site "www.chess-mail.com"]
[Date "2017.06.11"]
[Round "1"]
[White "Goofy"]
[Black "Orhany24"]
[WhiteElo "2320"]
[BlackElo "2230"]
[Result "1/2-1/2"]
[Round "1"]
1.e4 e5
2.Ng1f3 Nb8c6
3.Bf1c4 Ng8f6
4.d3 d5
5.exd5 Nf6xd5
6.O-O Bc8g4
7.c3 Bf8e7
8.Rf1e1 O-O
9.Bc4b3 Nd5f6
10.Bb3c2 h6
11.h3 Bg4h5
12.g4 Bh5g6
13.Nf3xe5 Nc6xe5
14.Re1xe5 Be7d6
15.Re5e1 Nf6d5
16.Qd1f3 c6
17.Nb1a3 Qd8h4
18.Na3c4 Bd6c7
19.Nc4e3 Nd5f4
20.Ne3g2 Qh4xh3
21.Re1e3 Qh3xg2
22.Qf3xg2 Nf4xg2
23.Kxg2 Rf8e8
24.Kf1 Ra8d8
25.Re3xe8 Rd8xe8
26.Bc1e3 Re8d8
27.Ke2 b6
28.Ra1c1 c5
29.d4 Bg6xc2
30.Rc1xc2 { draw }
1/2-1/2

[Event "Tourn. n9285"]
[Site "www.chess-mail.com"]
[Date "2017.06.11"]
[Round "1"]
[White "Pdebonis"]
[Black "Danquigley"]
[WhiteElo "2540"]
[BlackElo "2540"]
[Result "1-0"]
[Round "1"]
1.e4 c5
2.Ng1f3 a6
3.c3 Nb8c6
4.d4 d5
5.exd5 Qd8xd5
6.Bc1e3 cxd4
7.cxd4 e6
8.Nb1c3 Qd5a5
9.Bf1d3 Ng8f6
10.O-O Bf8e7
11.a3 O-O
12.b4 Qa5h5
13.Ra1c1 Rf8d8
14.Rf1e1 Bc8d7
15.Bd3e2 Nf6d5
16.Nc3xd5 Qh5xd5
17.Nf3d2 Bd7e8
18.Nd2c4 Nc6xd4
19.Nc4b6 Nd4xe2
20.Qd1xe2 Qd5e4
21.Rc1c4 Qe4e5
22.f4 Qe5f6
23.Nb6xa8 Rd8xa8
24.Be3d4 Qf6f5
25.Qe2c2 Qf5xc2
26.Rc4xc2 Be8c6
27.Bd4b6 Ra8e8
28.Re1c1 Re8c8
29.Rc2e2 Be7f6
30.Kf2 h6
31.Re2c2 g5
32.a4 Rc8a8
33.Rc2xc6 bxc6
34.Rc1xc6 gxf4
35.Bb6c5 Bf6g5
36.Kf3 Kg7
37.a5 Kf6
38.Ke4 Kg6
39.h3 h5
40.b5 axb5
41.a6 Bg5h6
42.a7 b4
43.Rc6c7 Bh6f8
44.Bc5f2 f5
45.Ke5 b3
46.Rc7b7 b2
47.Kxe6 Bf8g7
48.Bf2c5 Bg7f6
49.Rb7b8 Bf6g7
50.Kd5 Kf7
51.Rb8b7 Kg6
52.Rb7b3 Kh7
53.Kc6 Ra8c8
54.Kd7 Rc8g8
55.Kc7 Bg7f6
56.Kb7 Rg8g7
57.Kc6 Rg7g8
58.Rb3b8 Bf6g7
59.Bc5a3 { resign }
1-0

[Event "Tourn. n9411"]
[Site "www.chess-mail.com"]
[Date "2017.06.11"]
[Round "1"]
[White "Astroboy"]
[Black "Bojan"]
[WhiteElo "2030"]
[BlackElo "1920"]
[Result "1-0"]
[Round "1"]
1.e4 e5
2.f4 exf4
3.Ng1f3 f6
4.d4 d5
5.Nb1c3 g5
6.Nc3xd5 c6
7.Nd5c3 h6
8.Nf3h4 Bc8e6
9.Nh4g6 Rh8h7
10.Ng6xf8 Kxf8
11.d5 cxd5
12.exd5 Rh7d7
13.Bf1c4 Ng8e7
14.Qd1h5 Ne7xd5
15.Qh5xh6 Ke7
16.Bc4xd5 Be6xd5
17.h4 Qd8g8
18.hxg5 fxg5
19.Bc1xf4 gxf4
20.Qh6h4 Ke8
21.O-O-O Bd5c6
22.Rd1e1 Kf8
23.Qh4f6 Rd7f7
24.Qf6d6 Kg7
25.Qd6h6 { resign }
1-0

[Event "Tourn. n9319"]
[Site "www.chess-mail.com"]
[Date "2017.06.11"]
[Round "1"]
[White "Chessington"]
[Black "Seger"]
[WhiteElo "2240"]
[BlackElo "2680"]
[Result "1/2-1/2"]
[Round "1"]
1.Ng1f3 Ng8f6
2.d4 d5
3.e3 e6
4.Bf1d3 c5
5.b3 b6
6.Bc1b2 Nb8d7
7.Nb1d2 Bc8b7
8.O-O Bf8e7
9.Qd1e2 O-O
10.Rf1d1 Qd8c7
11.c4 dxc4
12.Bd3xc4 Ra8c8
13.Ra1c1 Qc7b8
14.dxc5 Nd7xc5
15.a3 a5
16.Nf3d4 Nf6d5
17.Qe2g4 Nd5f6
18.Qg4e2 Nf6d5
19.Qe2g4 g6
20.h3 Rf8d8
21.Qg4e2 Be7f6
22.Nd2f3 Rd8d7
23.Nd4b5 Nc5e4
24.Bb2xf6 Nd5xf6
25.Qe2b2 Rd7xd1
26.Rc1xd1 Bb7c6
27.Nf3d4 Rc8d8
28.Rd1c1 Bc6b7
29.f3 { draw }
1/2-1/2

[Event "Tourn. n9327"]
[Site "www.chess-mail.com"]
[Date "2017.06.11"]
[Round "1"]
[White "Scasan55"]
[Black "Kevinking"]
[WhiteElo "1970"]
[BlackElo "1910"]
[Result "1-0"]
[Round "1"]
1.d4 Ng8f6
2.Ng1f3 e6
3.Bc1g5 Bf8e7
4.Nb1c3 d5
5.e3 O-O
6.Bf1d3 Nb8d7
7.O-O c5
8.dxc5 Nd7xc5
9.a3 b6
10.b4 Nc5xd3
11.cxd3 a6
12.Ra1c1 Bc8d7
13.Nf3e5 Nf6e8
14.Bg5xe7 Qd8xe7
15.f4 f6
16.Ne5xd7 Qe7xd7
17.Qd1f3 Ne8d6
18.Qf3g4 Qd7f7
19.e4 dxe4
20.dxe4 Ra8c8
21.e5 f5
{ time. }
1-0

[Event "Tourn. n9417"]
[Site "www.chess-mail.com"]
[Date "2017.06.11"]
[Round "1"]
[White "Astroboy"]
[Black "Claymil"]
[WhiteElo "2030"]
[BlackElo "2050"]
[Result "1/2-1/2"]
[Round "1"]
1.e4 c5
2.c3 Nb8c6
3.d4 cxd4
4.cxd4 d5
5.e5 g6
6.Ng1f3 Bf8g7
7.Nb1c3 a6
8.h3 Ng8h6
9.Bc1e3 { draw }
1/2-1/2

[Event "Tourn. n9391"]
[Site "www.chess-mail.com"]
[Date "2017.06.11"]
[Round "1"]
[White "Hundegana"]
[Black "Estonia"]
[WhiteElo "2000"]
[BlackElo "2030"]
[Result "1-0"]
[Round "1"]
1.e4 e5
2.Ng1f3 Nb8c6
3.Bf1b5 a6
4.Bb5xc6 dxc6
5.Nf3xe5 Ng8f6
6.d3 Bf8d6
7.Ne5f3 Bc8g4
8.h3 Bg4xf3
9.Qd1xf3 Qd8e7
10.O-O O-O-O
11.b3 Qe7e5
12.Qf3f5 Qe5xf5
13.exf5 Rd8e8
14.Nb1d2 Re8e2
15.c4 Rh8e8
16.Ra1b1 b5
17.cxb5 axb5
18.a4 Bd6b4
19.Nd2f3 Nf6d5
20.axb5 cxb5
21.Rb1b2 Nd5c3
22.Nf3d4 Re2xb2
23.Bc1xb2 c5
24.Bb2xc3 Bb4xc3
25.Nd4xb5 Bc3b4
26.Nb5d6 { resign }
1-0

[Event "Tourn. n9289"]
[Site "www.chess-mail.com"]
[Date "2017.06.11"]
[Round "1"]
[White "Bitcoin"]
[Black "Conde7"]
[WhiteElo "2339"]
[BlackElo "2870"]
[Result "1/2-1/2"]
[Round "1"]
1.e4 c5
2.Ng1f3 d6
3.d4 cxd4
4.Nf3xd4 Ng8f6
5.Nb1c3 a6
6.Bc1e3 e5
7.Nd4b3 Bc8e6
8.Qd1d2 Nb8d7
9.f3 h5
10.Nc3d5 Nf6xd5
11.exd5 Be6f5
12.Nb3a5 Ra8b8
13.c4 Qd8h4
14.Be3f2 Qh4f6
15.Bf1d3 Bf8e7
16.O-O Bf5xd3
17.Qd2xd3 Be7d8
18.Qd3a3 O-O
19.b4 Bd8xa5
20.Qa3xa5 Rf8c8
21.Ra1c1 Qf6d8
22.Qa5a3 b6
23.Bf2e3 Qd8e7
24.f4 a5
25.b5 Rb8b7
26.Qa3d3 exf4
27.Be3xf4 Rb7c7
28.h3 Nd7e5
29.Bf4xe5 Qe7xe5
30.Rf1f5 Qe5b2
31.Rc1f1 Rc7xc4
32.Rf5xf7 Qb2e5
33.Rf7f8 Rc8xf8
34.Rf1xf8 Kxf8
35.Qd3xc4 Kg8
36.Qc4c8 Kh7
37.Qc8c2 Kh6
38.Qc2d2 g5
39.Qd2f2 Qe5a1
40.Kh2 Qa1e5
41.Kg1 Qe5a1
42.Kh2 Qa1e5
43.Kg1 
1/2-1/2

[Event "Tourn. n9374"]
[Site "www.chess-mail.com"]
[Date "2017.06.11"]
[Round "1"]
[White "Cal"]
[Black "Llcervello"]
[WhiteElo "1720"]
[BlackElo "1610"]
[Result "0-1"]
[Round "1"]
1.c4 c5
2.Nb1c3 b6
3.e4 e5
4.d3 Bf8d6
5.h3 Nb8c6
6.a3 Nc6d4
7.Bc1e3 Qd8f6
8.Ng1f3 Ng8e7
9.Bf1e2 Nd4xf3
10.Be2xf3 O-O
11.O-O Ne7g6
12.Bf3h5 Ng6f4
13.Be3xf4 Qf6xf4
14.Nc3d5 Qf4h4
15.Bh5g4 Bd6e7
16.Nd5c7 Ra8b8
17.Nc7d5 Be7g5
18.b4 d6
19.Bg4xc8 Rb8xc8
20.Qd1f3 Bg5f4
21.b5 Kh8
22.a4 Rc8e8
23.g4 f6
24.Kg2 g6
25.Rf1h1 Rf8f7
26.Kf1 Re8g8
27.Nd5xf4 exf4
28.Qf3xf4 f5
29.exf5 gxf5
30.Qf4xd6 Rg8xg4
31.Qd6b8 Rg4g8
32.Qb8e5 Rg8g7
33.Ra1e1 h6
34.Re1e3 Qh4g5
35.Ke2 Qg5g2
36.Rh1h2 Qg2g1
37.h4 f4
38.Re3h3 Kh7
39.Qe5e4 Rg7g6
40.Kf3 Qg1d1
41.Qe4e2 Qd1xa4
42.Qe2e4 Qa4d1
43.Qe4e2 Qd1g1
44.Qe2e4 Qg1g4
{ resign }
0-1

[Event "Tourn. n9404"]
[Site "www.chess-mail.com"]
[Date "2017.06.11"]
[Round "1"]
[White "Cjood"]
[Black "Malbertan"]
[WhiteElo "1880"]
[BlackElo "2070"]
[Result "1-0"]
[Round "1"]
1.e4 e5
2.Ng1f3 Nb8c6
3.Bf1b5 Ng8f6
4.Nb1c3 Bf8b4
5.d3 d6
6.Bc1d2 O-O
7.Bb5xc6 bxc6
8.Nc3e2 Bb4xd2
9.Nf3xd2 d5
10.h3 Qd8e7
11.exd5 cxd5
12.c3 Bc8a6
13.Nd2f3 e4
14.dxe4 dxe4
15.Nf3d4 Ra8d8
16.Qd1a4 Ba6xe2
17.Kxe2 Rd8b8
18.b4 c5
19.Nd4c6 Qe7d7
20.Ra1d1 Qd7e8
21.b5 Rb8a8
22.Rd1d6 Nf6d7
23.Rh1d1 Nd7b6
24.Qa4a6 e3
25.fxe3 Qe8e4
26.Kf2 Nb6d5
27.Rd6xd5 Qe4c2
28.Kf3 Qc2xc3
29.Qa6b7 Qc3f6
30.Ke2 Rf8e8
31.Rd5xc5 { resign }
1-0

[Event "Tourn. n9410"]
[Site "www.chess-mail.com"]
[Date "2017.06.11"]
[Round "1"]
[White "Balbyns"]
[Black "Cjood"]
[WhiteElo "2030"]
[BlackElo "1850"]
[Result "1-0"]
[Round "1"]
1.e4 Ng8f6
2.e5 Nf6d5
3.c4 Nd5b4
4.a3 Nb4a6
5.b4 c6
6.Ng1f3 d5
7.cxd5 Qd8xd5
8.Nb1c3 Qd5e6
9.d4 Na6c7
10.Nf3g5 Qe6g6
11.Bf1d3 Qg6h6
12.Ng5xf7 Qh6h4
13.Nf7xh8 Bc8g4
14.Bd3e2 Bg4xe2
15.Qd1xe2 Nc7e6
16.Qe2e4 Qh4xe4
17.Nc3xe4 Ne6xd4
18.O-O Nd4e2
19.Kh1 Ne2xc1
20.Ra1xc1 Nb8d7
21.e6 Nd7e5
22.Rf1d1 b6
23.f4 Ne5g4
24.Rc1xc6 g6
25.Rd1c1 { resign }
1-0

[Event "Tourn. n9411"]
[Site "www.chess-mail.com"]
[Date "2017.06.11"]
[Round "1"]
[White "Astroboy"]
[Black "Cjood"]
[WhiteElo "2030"]
[BlackElo "1860"]
[Result "1-0"]
[Round "1"]
1.e4 e6
2.d4 d5
3.Nb1c3 dxe4
4.Nc3xe4 c5
5.Ng1f3 Ng8f6
6.Ne4g3 cxd4
7.Nf3xd4 e5
8.Bf1b5 Bc8d7
9.Qd1e2 Bf8d6
10.Nd4f5 Qd8a5
11.c3 Qa5c7
12.Nf5xg7 Kd8
13.Bc1g5 Bd6e7
14.O-O-O Rh8g8
15.Ng3f5 a6
16.Nf5xe7 Kxe7
17.Qe2f3 Kf8
18.Qf3xf6 axb5
19.Bg5h6 Rg8xg7
20.Qf6xg7 Ke7
21.Bh6g5 { resign }
1-0

[Event "Match"]
[Site "www.echecsemail.com"]
[Date "2017.06.11"]
[Round "1"]
[White "Cjood"]
[Black "Fangshuo"]
[WhiteElo "1840"]
[BlackElo "2120"]
[Result "0-1"]
[Round "1"]
1.e4 e6
2.b3 Bf8b4
3.Bc1b2 Ng8f6
4.Qd1f3 Nb8c6
5.h3 d5
6.exd5 exd5
7.Bb2xf6 Qd8xf6
8.Qf3xf6 gxf6
9.Ng1f3 Bc8f5
10.Kd1 O-O-O
11.Nf3h4 Bf5e6
12.Bf1b5 Nc6e5
13.f4 Ne5g6
14.Nh4xg6 fxg6
15.g4 f5
16.g5 d4
17.Rh1e1 Be6d5
18.a3 Bb4d6
19.Re1f1 Bd5g2
20.Rf1f2 Bg2xh3
21.d3 c6
22.Bb5c4 Rh8e8
23.Nb1d2 b5
24.Bc4f7 Re8e7
25.Bf7xg6 hxg6
26.b4 Rd8e8
27.Kc1 Re7e2
{ resign }
0-1

[Event "Match"]
[Site "www.echecsemail.com"]
[Date "2017.06.11"]
[Round "1"]
[White "Guidom"]
[Black "Cjood"]
[WhiteElo "2130"]
[BlackElo "1840"]
[Result "1-0"]
[Round "1"]
1.e4 e5
2.Ng1f3 Ng8f6
3.Nb1c3 d6
4.Bf1c4 Qd8e7
5.d3 Bc8g4
6.Bc1e3 Nb8d7
7.h3 Bg4h5
8.O-O h6
9.Nc3b5 Nd7b6
10.a4 c6
11.Nb5c3 Nb6xc4
12.dxc4 a6
13.b4 g5
14.b5 a5
15.Be3b6 c5
16.Nc3d5 Nf6xd5
17.Qd1xd5 Bh5xf3
18.gxf3 Bf8g7
19.Ra1d1 Kd7
20.Qd5xb7 Ke6
21.Qb7d5 Kd7
22.Bb6xc5 { resign }
1-0

[Event "Match"]
[Site "www.echecsemail.com"]
[Date "2017.06.11"]
[Round "1"]
[White "Whitekknight"]
[Black "Sonny1000"]
[WhiteElo "1980"]
[BlackElo "1410"]
[Result "1-0"]
[Round "1"]
1.d4 d5
2.e4 dxe4
3.Nb1c3 f5
4.f3 g6
5.fxe4 Nb8c6
6.d5 fxe4
7.dxc6 b6
8.Qd1xd8 Kxd8
9.Nc3xe4 Bf8g7
10.c3 Bc8e6
11.Bf1a6 Ra8b8
12.Bc1f4 Be6d5
13.Ba6d3 Bd5xc6
14.Ng1f3 b5
15.Ne4c5 h5
16.Nc5e6 Kd7
17.Ne6xg7 Rb8f8
18.Bf4e5 Rf8f4
19.Be5xf4 Ng8f6
20.Bd3xg6 Nf6d5
21.Nf3e5 Kc8
22.Ne5xc6 Nd5xf4
23.Bg6f5 Kb7
24.Bf5e4 Rh8g8
25.Nc6xe7 Ka6
26.Ne7xg8 h4
27.Kf2 c5
28.a4 b4
29.cxb4 c4
30.Kf3 Nf4h5
31.Ng7xh5 Kb6
32.Rh1d1 a6
33.Rd1d7 a5
34.Ra1d1 Ka6
35.Rd1d6 { resign }
1-0

[Event "Tourn. n9358"]
[Site "www.chess-mail.com"]
[Date "2017.06.12"]
[Round "1"]
[White "Odrum1"]
[Black "Stewartborst"]
[WhiteElo "1310"]
[BlackElo "1469"]
[Result "0-1"]
[Round "1"]
1.e4 c5
2.Ng1f3 d6
3.d4 cxd4
4.Nf3xd4 Ng8f6
5.Nb1c3 Nb8c6
6.Bc1f4 e5
7.Bf4g5 exd4
 { time }
0-1

[Event "Tourn. n9398"]
[Site "www.chess-mail.com"]
[Date "2017.06.12"]
[Round "1"]
[White "Asibicho"]
[Black "Cjood"]
[WhiteElo "1760"]
[BlackElo "1900"]
[Result "1-0"]
[Round "1"]
1.e4 c5
2.Ng1f3 e6
3.d4 Nb8c6
4.d5 exd5
5.exd5 Nc6e7
6.d6 g6
7.dxe7 Ng8xe7
8.Bf1c4 Bf8g7
9.O-O O-O
10.Nb1c3 Ne7f5
11.Bc1g5 Qd8c7
12.Rf1e1 h6
13.Bg5e3 Bg7xc3
14.bxc3 Qc7a5
15.Qd1d2 d6
16.Be3xh6 Nf5xh6
17.Qd2xh6 Qa5xc3
18.Qh6xg6 Qc3g7
19.Qg6xg7 Kxg7
20.Ra1d1 Bc8f5
21.c3 Ra8d8
22.Bc4d3 Bf5xd3
23.Rd1xd3 c4
24.Rd3d4 b5
25.Re1d1 Rf8e8
26.Rd4xd6 Rd8xd6
27.Rd1xd6 Re8e2
28.Rd6d2 Re2e6
29.g3 Kg6
30.Kf1 f5
31.Nf3d4 Re6b6
32.Rd2b2 a6
33.a4 { resign }
1-0

[Event "Tourn. n9343"]
[Site "www.chess-mail.com"]
[Date "2017.06.12"]
[Round "1"]
[White "Quaff"]
[Black "Cal"]
[WhiteElo "1629"]
[BlackElo "1720"]
[Result "1-0"]
[Round "1"]
1.e4 e5
2.Ng1f3 d6
3.Bf1c4 h6
4.c3 Ng8f6
5.d3 a6
6.b4 b5
7.Bc4b3 Bf8e7
8.h3 O-O
9.Nf3h2 Nb8c6
10.O-O Bc8e6
11.Bb3c2 Nf6h7
12.f4 exf4
13.Bc1xf4 f6
14.Nb1d2 Qd8d7
15.a4 Be6f7
16.a5 Nc6d8
17.Bf4e3 c5
18.bxc5 dxc5
19.Nd2f3 Nd8c6
20.Nf3h4 Nc6e5
21.Nh4f5 Bf7g6
22.Nf5xe7 Qd7xe7
23.d4 cxd4
24.Be3xd4 Ne5c4
25.Bc2b3 Bg6xe4
26.Bb3xc4 bxc4
27.Rf1e1 f5
28.Qd1e2 Qe7g5
29.Qe2xc4 Rf8f7
30.Ra1a2 Qg5e7
31.Nh2f3 Qe7b7
32.Nf3e5 Be4d5
33.Qc4a4 Bd5xa2
34.Qa4xa2 Nh7f8
35.Ne5xf7 Qb7xf7
36.Qa2xf7 Kxf7
37.Re1e5 Nf8d7
38.Re5xf5 Kg6
39.Rf5d5 Nd7f8
40.Rd5c5 Ra8b8
41.Rc5c6 Kh7
42.Rc6c7 Nf8e6
43.Rc7e7 Ne6xd4
44.cxd4 Rb8b1
45.Kh2 Rb1a1
46.Re7e5 Ra1a4
47.Re5d5 g5
48.Kg3 Kg6
49.Kg4 h5
50.Kf3 Ra4a3
51.Kf2 h4
52.Rd5d6 Kf5
53.Rd6xa6 Ke4
54.Ra6a8 Kxd4
55.a6 Ke4
56.a7 Kf4
57.Ra8f8 Ke4
58.a8Q Ra3xa8
59.Rf8xa8 { resign }
1-0

[Event "Tourn. n9419"]
[Site "www.chess-mail.com"]
[Date "2017.06.12"]
[Round "1"]
[White "Astroboy"]
[Black "Cjood"]
[WhiteElo "2000"]
[BlackElo "1920"]
[Result "1-0"]
[Round "1"]
1.e4 Ng8f6
2.Nb1c3 e6
3.d4 Nb8c6
4.Bc1e3 Bf8b4
5.f3 Bb4xc3
6.bxc3 d6
7.Bf1b5 Bc8d7
8.Ng1e2 a6
9.Bb5d3 h6
10.Qd1d2 b5
11.O-O Nc6e7
12.Ne2g3 c6
13.a4 Qd8c7
14.axb5 cxb5
15.Rf1b1 O-O
16.Be3xh6 gxh6
17.Qd2xh6 Nf6h7
18.Ng3h5 { resign }
1-0

[Event "Tourn. n9378"]
[Site "www.chess-mail.com"]
[Date "2017.06.12"]
[Round "1"]
[White "Motorhead99"]
[Black "Caroluigi"]
[WhiteElo "1860"]
[BlackElo "1710"]
[Result "1-0"]
[Round "1"]
1.d4 Ng8f6
2.e3 d5
3.Bf1d3 Nb8c6
4.f4 Bc8g4
5.Ng1f3 Qd8d7
6.Nb1d2 Nc6b4
7.O-O Nb4xd3
8.cxd3 Qd7b5
9.Qd1e2 Bg4f5
10.Nf3e5 Bf5xd3
11.Qe2xd3 Qb5xd3
12.Ne5xd3  { time }
1-0